000 01488cam a22003491 4500
001 114899
005 20230410115640.0
008 730309s1964 xx 100 0 spa
035 _9(DLC) 67004395
035 _a6606222
010 _a67004395
035 _a(OCoLC)575976
040 _aDLC
_cOCU
_dDLC
041 _aspa
042 _apremarc
050 1 4 _aHF1408
_b.U58 1964
111 2 _aUnited Nations Conference on Trade and Development
_d(1964 :
_cGeneva)
245 1 0 _aNueva política comercial para el desarrollo.
_cInforme de Raúl Prebisch [secretario general] a la Conferencia de las Naciones Unidas sobre Comercio y Desarrollo inaugurada en Ginebra, Suiza, el 23 de marzo de 1964.
260 _aMéxico,
_bFondo de Cultura Económica
_c[1964]
300 _a148 p.
_c22 cm.
490 1 _aSección de obras de economía
500 _a"Este texto fue distribuído, con el título de Hacia una nueva política comercial en pro del desarrollo (E/CONF,46/3) ... al terminar el tercer período de sesiones (Nueva York, febrero de 1964) de la Comisiâon Preparatoria de la Conferencia sobre Comercio y Desarrollo."
504 _aIncludes bibliographical references.
650 4 _aCRV
650 4 _aColección René Villarreal
650 0 _aForeign trade promotion.
700 1 _aPrebisch, Raúl.
830 0 _aSección de obras de economía (Fondo de Cultura Económica (Mexico))
942 _2lcc
_cbk
946 _almd
985 _eOCLC REPLACEMENT cdsdistr
999 _c45312
_d45312